banner koha

Árvores medicinais com Valor Potencial de Exploração Sustentável (VPES) no Sul de Santa Catarina, Brasil (Registro n. 327782)

MARC details
000 -LÍDER
fixed length control field 03828nab a2200301 i 4500
003 - CÓDIGO MARC DA AGÊNCIA CATALOGADORA
Campo de controle BR-BrBNA
005 - DATA E HORA DA ÚLTIMA ATUALIZAÇÃO
Campo de controle 20240924112046.0
008 - CAMPO DE TAMANHO FIXO
fixed length control field 240924b2021 bl.qr|pooa||| 00| 0 por |
040 ## - FONTE DA CATALOGAÇÃO
Agência catalogadora BR-BrBNA
Idioma da catalogação por
072 ## - CATEGORIA AGRIS
Código AGRIS S01
100 ## - ENTRADA PRINCIPAL - NOME PESSOAL
Nome pessoal Elias, Guilherme Alves
100 ## - ENTRADA PRINCIPAL - NOME PESSOAL
Nome pessoal Costa, Franciely Vanessa
100 ## - ENTRADA PRINCIPAL - NOME PESSOAL
Nome pessoal Santos, Robson dos
100 ## - ENTRADA PRINCIPAL - NOME PESSOAL
Nome pessoal Bó, Sílvia Dal
100 ## - ENTRADA PRINCIPAL - NOME PESSOAL
Nome pessoal Amaral, Patrícia de Aguiar
100 ## - ENTRADA PRINCIPAL - NOME PESSOAL
Nome pessoal Zanette, Vanilde Citadini
245 ## - TÍTULO PRINCIPAL
Título principal Árvores medicinais com Valor Potencial de Exploração Sustentável (VPES) no Sul de Santa Catarina, Brasil
500 ## - NOTA GERAL
Nota geral Publicação on-line; Bibliography p. 59-62 (74 ref.); 3 tables; 3 illus.; Summaries (En, Pt)
942 ## - ADDED ENTRY ELEMENTS (KOHA)
Koha item type Analítica
520 ## - NOTA DE RESUMO
Nota de conteúdo <br/><br/>RESUMO: <br/><br/>Este estudo apresenta indicações de uso medicinal para as espécies de árvores<br/>com Valor Potencial de Exploração Sustentável (VPES) do sul do estado de Santa Catarina<br/>obtidos por meio de literatura popular e científica pertinente. Para tanto, foram avaliados os<br/>trabalhos que constam dados fitossociológicos de remanescentes de Floresta Ombrófila<br/>Densa. Outro parâmetro considerado foi a investigação científica dessas espécies por meio<br/>de análise bibliométrica nas bases de dados Scopus e Science Direct até o fim do ano de<br/>2014. Foram reunidas informações de 331 espécies, com 79 possuindo VPES e, dentre essas,<br/>19 apresentaram potencial medicinal. Destas espécies 50% obtiveram alto valor de VPES.<br/>Allophylus edulis (A.St.-Hil. et al.) Hieron. ex Niederl foi a espécie que apresentou maior VPES,<br/>enquanto a Casearia sylvestris Sw. destacou-se com oito indicações de uso, sendo a única<br/>espécie que consta na Relação de Plantas Medicinais de Interesse para o Sistema Único de<br/>Saúde (RENISUS). A produção científica mostrou-se promissora, principalmente para Ilex<br/>paraguariensis St.-Hil., espécie com 299 indexações.<br/><br/>Palavras-chave: PFNM; Bibliometria; Fitoterápicos; Casearia sylvestris; Ilex paraguariensis.
520 ## - NOTA DE RESUMO
Nota de conteúdo <br/><br/>ABSTRACT: <br/><br/>Medicinal trees with Potential Value of Sustainable Exploration (VPES) in<br/>the Southern region of Santa Catarina State, Brazil. This study presents several indications<br/>of medicinal use of tree species with Potential Value for Sustainable Exploitation (VPES) in<br/>the Southern region of Santa Catarina State using popular knowledge and relevant scientific<br/>literature. Therefore, all studies in the literature that contained phytosociological data of Dense<br/>Ombrophilous Forest remnants were evaluated. The scientific investigation about these tree<br/>species were also evaluated by bibliometric analysis in Scopus and Science Direct databases<br/>until the end of 2014. Information about 331 trees species was obtained, with 79 species having<br/>VPES and, among these, 19 presented medicinal potential value. Among these species, 50%<br/>presented high VPES. Allophylus edulis (A.St.-Hil. et al.) Hieron. ex Niederl. had the highest<br/>VPES, whereas Casearia sylvestris Sw. presented eight indications of medicinal use, and<br/>it is the only species in the List of Medicinal Plants of Interest for the Public Health System<br/>(RENISUS). The scientific production about these plant species proved to be promising, mainly<br/>for Illex paraguariensis St.-Hill., with 299 indexes.<br/><br/>Keywords: NTFP; Bibliometrics; Phytotherapy; Casearia sylvestris; Ilex paraguariensis.
650 ## - ASSUNTO - THESAGRO
Cabeçalho tópico ou nome geográfico FITOTERAPIA
650 ## - ASSUNTO - THESAGRO
Cabeçalho tópico ou nome geográfico CASEARIA SYLVESTRIS
650 ## - ASSUNTO - THESAGRO
Cabeçalho tópico ou nome geográfico ILEX PARAGUARIENSIS
773 0# - ENTRADA ANALÍTICA
Host Biblionumber 3543
Registro do item 344675
Imprenta Botucatu-SP Instituto de Biociências - Departamento de Química e Bioquímica 1998
Outro identificador 2024-5009
Título Revista Brasileira de Plantas Medicinais (Brazil)
ISSN 1516-0572
Colação v. 23(1) p. 53-62; (2021)
Número de controle de registro BR2024002640
856 ## - ACESSO E ENDEREÇO ELETRÔNICO
Identificador uniforme de recurso - URI http://www.sbpmed.org.br/admin/files/papers/file_3ltnmCOgBh5x.pdf

Nenhum exemplar disponível.

BINAGRI

Telefone: (61)3218-2567/2388/3357/2097 - binagri@agro.gov.br

Ministério da Agricultura e Pecuária , Esplanada dos Ministérios, Bloco D, Anexo B, Brasília/DF, CEP: 70.043-900